000 00541nam a2200181Ia 4500
005 20240625141847.0
008 240126s9999 xx 000 0 und d
020 _a9788131720479
082 _a001.6424 HOP;1 R
100 _aHopcroft, John E. Motwani, Rajeev. Ullman, Jeffrey D.
245 0 _aIntroduction to automata theory, languages and computation
250 _a3rd ed.
260 _bDorling kindersley
_aNoida
_c2008
300 _axvi, 487
440 _aNULL
650 _aautomata,theory,,languages,computation
942 _cPU
999 _c273715
_d273715